Piety and Politics (Record no. 10781)

MARC details
000 -LEADER
fixed length control field 00659nam a2200253 a 4500
020 ## - INTERNATIONAL STANDARD BOOK NUMBER
ISBN
082 00 - DEWEY DECIMAL CLASSIFICATION NUMBER
Classification number 280.40942
Author Cutter FUL
100 ## - MAIN ENTRY--AUTHOR NAME
Author name Fulbrook, Mary
245 ## - TITLE STATEMENT
Title Piety and Politics
Sub title Religion and the Rise of Absolutism in England
260 ## - PUBLICATION, DISTRIBUTION, ETC. (IMPRINT)
Place of publication London
Name of publisher Cambridge University
Year of publication 1983
300 ## - PHYSICAL DESCRIPTION
Number of Pages 215p
500 ## - GENERAL NOTE
General note includes index and biblioraphy
505 2# - FORMATTED CONTENTS NOTE
Formatted contents note Index
650 ## - SUBJECT ADDED ENTRY--TOPICAL TERM
Topical Term Protestantism
650 ## - SUBJECT ADDED ENTRY--TOPICAL TERM
Topical Term British-India Politics
942 ## - ADDED ENTRY ELEMENTS (KOHA)
Koha item type Books
700 1# -
-- Fulbrook, Mary
Holdings
Collection code Home library Current library Date acquired Cost, normal purchase price Full call number Accession Number Koha item type
  Henry Martyn Institute Library Henry Martyn Institute Library 07/19/2007 332.26 280.40942 FUL 017526 Books
                   Copyright © 2026 | Henry Martyn Institute | Hyderabad | TS-500052 | INDIA | Implemented by hmi.edu.in
Hit-Count:

Powered by Koha